MDQL
is popping MORE tags! Check the
thread
!
Quizzes
Events
Quiz Creation
Community
Videos
Private Events
Remove Ads
Sign In
Join for FREE
Feedback
Dark Mode
Quiz Categories
Sports
Geography
Music
Movies
Television
Just For Fun
Miscellaneous
History
Literature
Language
Science
Gaming
Entertainment
Religion
Holiday
For Kids
Quiz Lab
Recent
Popular Today
Quiz Kudos Today
Editor Picks
Curator Picks
Quizzes by...
Day
Popularity
Type
Ratings
Length
Year
Community
Subscriptions
Recent Discussions
Orange Saloon
Badges
Playlists
Quests
Create
Leaderboards
Showdown
Live 5
Trivia Bingo
Activity
Puzzle Library
Sporcle Events
Private Events
Virtual Trivia
Globe League
Become a Host
Pub Owners
SporcleCon
Opinionation
Our Games
Videos
Blog
Mobile Apps
Partnerships
Remove Ads and Go Orange
Feedback
Just For Fun
Clickable
Get the Picture
Humor
Quick Pick
Word Ladder
Missing Word
Mixed Word
Blitz
Minefield
This or That
Alphabet
Color
Typing
Sporcle
Puzzle
Word Play
Follow That Line
Logic
Just For Fun
Clickable
Get the Picture
Humor
Quick Pick
Word Ladder
Missing Word
Mixed Word
Blitz
Minefield
This or That
Alphabet
Color
Typing
Sporcle
Puzzle
Word Play
Follow That Line
Logic
Random Quiz
Search Sporcle
×
Quiz Lab
Quiz Lab
Just For Fun
America
Type in answers that appear in a list
Type in answers that appear in a list
Classic
Best Score? Go Orange.
American Girl Dolls Stats
Can you name all the american girl dolls in order?
By
SmileyPeace
2m
10 Questions
307 Plays
307 Plays
307 Plays
Comments
Comments
Give Quiz Kudos
Give Quiz Kudos
-
- Ratings
hide this ad
Random Order
Randomize order of answers
Randomize order of answers
Replay
Link that replays current quiz
Next Quiz
Link to next quiz in quiz playlist
You Got
0%
They Got
Avg Score
76%
Avg Friend Score
Upgrade to see
Score Distribution
Jump to the score distribution portion of the page
Score
0/10
Timer
02:00
0
Plays Today
Hint
Doll
% Correct
Slave
Addy
84%
Nez Perce
Kaya
83.7%
Great Depression
Kit
83.7%
70's
Julie
80.5%
Colonial
Felicity
78.5%
Russian
Rebecca
76.9%
War
Molly
76.5%
Victioian
Samantha
76.2%
Hispanic
Josefina
69.1%
Sweedish Immegrant
Kirsten
60.3%
Quiz Playlist
Details
Report
Send in Message
Add To Playlist
Classic:
Type in answers that appear in a list
Random Order:
Randomize order of answers
Last Updated: Apr 11, 2017
Quiz Scoreboard
CHALLENGE
Sign Up to Join the Scoreboard
Show All
Scores
Hide
Comments
May contain spoilers
Recently Published
Colored Red Africa Blitz
by spor1
Geography
30s
Find the 'City' Movie
by crazypaving
Movies
60s
5x2 Blitz: Bands
by SL_Kpop136
Music
30s
More to Explore
Quiz From the Vault
Featured Blog Post
14 Easter Pick-up Lines to Find Eggs With
hide this ad
You Might Also Like...
Tags
America
doll
girl
Order
Today's Top Quizzes in Just For Fun
Browse Just For Fun
hide this ad
Today's Top Quizzes in America
Browse America
Top Contributed Quizzes in Just For Fun
1
Name Just One - 10 to 1: Just For Fun
2
Survivor Winners Logic Puzzle
3
Missing Word: 2-Letter A-Z II
4
Avatar the Last Airbender: Logic Puzzle
5
Shadowhunters Protagonists Logic Quiz
6
Quick 5-Color Logic (18)
7
Medium Renzoku Puzzle 11
8
Ultimate Minefield Blitz VIII
9
Ice Cream Logic Puzzle
10
Ultimate Minefield Blitz XXVIII
Explore More
Trending Topics
Anime
Kpop
Marvel
Crossword
NBA
Harry Potter
Disney
Soccer
Puzzle
The Office
NFL
WWE
Song
Pokémon
Country
hide this ad
More By:
SmileyPeace
Quiz
Plays
Rating
Category
Featured
Created
Frozen Characters
584
1.25
Entertainment
Mar 27, 2014
American Girl Dolls
307
1.40
Just For Fun
Nov 5, 2013
Characters of Studio C
276
1.20
Television
Jan 23, 2014
Famous US Cities
170
1.12
Geography
Mar 14, 2014
Social Networking Websites or Apps
46
2.00
Entertainment
Jan 23, 2014
Go to Creator's Profile
Score Distribution
Quiz Creator Spotlight
SmileyPeace
Follow
Send a Message
Quizzes Created
-
Created Quiz Play Count
-
More By This Creator
Popular Quizzes Today
1
Find the 'City' Movie
2
5x2 Blitz: Bands
3
Colored Red Africa Blitz
4
Find the US States - No Outlines Minefield
5
The Countries of the World
6
Find the US States
7
9x9 Crossword: Cartoon Network
8
US States
More Just For Fun Quizzes
Stereograms. Abominations of Nature!
Editor's Pick
Trending Quizzes
Colored Red Europe Blitz I
Colored Red Africa Blitz II
Colored Red Europe Blitz III
Colored Red Europe Blitz II
Colored Red Africa Blitz III
Recently Updated
Champions League XIs: Real Madrid
pecheneg
Largest US Cities 1790-2010
pecheneg
Rides in Walt Disney World
pecheneg
Most Oscar Losses (Acting)
pecheneg
Beyoncé Albums
pecheneg
Leaping Animals
pecheneg
Reality TV Shows (A-Z)
bhenderson79
Rickey Henderson's Hall of Fame Teammates
pecheneg
Champions League XIs: Arsenal
pecheneg
Quick Pick: Celebrities in WWE's Hall of Fame
aduchscher
Trending Topics
Harry Potter
Kpop
Anime
Marvel
NBA
Crossword
Disney
Puzzle
Country
Song
Soccer
NFL
WWE
Pokémon
The Office
Your Account Isn't Verified!
In order to create a playlist on Sporcle, you need to verify the email address you used during registration. Go to your
Sporcle Settings
to finish the process.
Report this User
Report this user for behavior that violates our
Community Guidelines
.
Details:
Send Report
Go to the Sporcle.com Mobile Site →
Comments